Statistics for World Countries Anagrams #5

Click here to take the quiz!

General Stats

  • This quiz has been taken 703 times
  • The average score is 10 of 16

Answer Stats

AnagramCountry% Correct
Spy curCyprus
90%
Pile hip pinsPhilippines
88%
Ant hubBhutan
85%
I am bagGambia
85%
Lab userBelarus
73%
Dawn ale zenNew Zealand
72%
Glue rum boxLuxembourg
71%
All is marshlandsMarshall Islands
70%
Lizards wentSwitzerland
61%
No radarAndorra
60%
Issuing a beauGuinea-Bissau
52%
A gardenGrenada
51%
Carve deepCape Verde
40%
Impeccable hotfooting occurredDemocratic Republic of the Congo
40%
Prison ageSingapore
30%
Overalls adEl Salvador
27%

Score Distribution

Percentile by Number Answered

Percent of People with Each Score

Your Score History

You have not taken this quiz